000 00736nam a22002055i 4500
001 163708
003 ES-MaACL
005 20230906212808.0
008 050719s1869 fr | |||||||| ||fre d
040 _aCAM
_bspa
_cCAM
080 _a270"0033:0326"
100 1 _aRodrigues, Hippolyte.
_9131925
245 1 3 _aLa justice de Dieu
_b: introduction a l'histoire des judéo-chrétiens /
_cpar Hippolyte Rodrigues.
260 _aParis :
_bMichel Lévy frères éditeurs,
_c1869 (
_fJ. Claye imprimeur)
300 _aVII, 418 p. ;
_c24 cm.
650 4 _aCristianismo-
_xHistoria.
_911430
650 4 _aJudaísmo-
_xHistoria.
_913968
752 _aFrancia -
_dParís
852 _aES-MaACL
_jD-4057
_z-- Sin enc.
_z-- Legado M. de la Fuente
999 _c163708
_d163708